000 00365nam a2200145Ia 4500
005 20251222144741.0
008 251222s9999||||xx |||||||||||||| ||spa||
020 _a9789972333644
082 _a793.319.85/R33
100 _aRecuenco Cardoso, César
245 0 _aNuestra Marinera…
250 _a1ra.ed.
264 _bEditora Gráfica Real, S.A.C.
942 _cLIB
999 _c18946
_d18946